[Event "17th Asian Continental-ch Women 2018"]
[Site "Makati City"]
[Date "2018.12.13"]
[Round "4.19"]
[White "San Diego, Jerlyn Mae"]
[Black "Doan, Thi Van Anh"]
[Result "0-1"]
[WhiteElo "1932"]
[BlackElo "1950"]
[PlyCount "156"]
[EventDate "2018.12.07"]
[EventType "swiss"]
[EventCountry "PHI"]
[TimeControl "40/5400+30:1800+30"]

1. e4 c6 2. d4 d5 3. exd5 cxd5 4. Nf3 Nc6 5. c3 Nf6 6. Bd3 Bg4 7. h3 Bh5 8. Bf4 e6 9. Nbd2 Bd6 10. Bxd6 Qxd6 11. Qa4 O-O 12. O-O a6 13. Rae1 b5 14. Qc2 Rfc8 15. Qb1 b4 16. Ne5 bxc3 17. bxc3 Rab8 18. Qa1 Qa3 19. Nb3 Nxe5 20. Rxe5 Bg6 21. Bxg6 hxg6 22. Re2 Ne4 23. Rc2 Rc4 24. f3 Ng3 25. Qc1 Qd6 26. Re1 Nf5 27. Ree2 Rbc8 28. Na5 R4c7 29. Nb3 Kh7 30. Qe1 Qf4 31. g4 Nh6 32. Kg2 g5 33. Nc5 a5 34. a4 Ng8 35. h4 Ne7 36. hxg5 Ng6 37. Qd2 Nh4+ 38. Kh3 Qxf3+ 39. Kh2 Qxg4 40. Qd3+ Nf5 41. Qh3+ Qxh3+ 42. Kxh3 Kg6 43. Kg4 Rxc5 44. dxc5 Rxc5 45. Ra2 Rc4+ 46. Kh3 Rxc3+ 47. Kh2 Nd4 48. Reb2 Kxg5 49. Rb7 f5 50. Rxg7+ Kf4 51. Ra7 Rc5 52. Rf2+ Ke3 53. Rf1 f4 54. Re7 Nf3+ 55. Kh3 e5 56. Rb1 d4 57. Rb5 Rxb5 58. axb5 d3 59. Rd7 Nd4 60. Rxd4 exd4 61. b6 d2 62. b7 d1=Q 63. b8=Q Qh5+ 64. Kg2 f3+ 65. Kg3 Qg6+ 66. Kh3 Qe6+ 67. Kg3 Qg6+ 68. Kh3 Qf5+ 69. Kg3 f2 70. Qe8+ Kd2 71. Qa4 f1=Q 72. Qa2+ Ke3 73. Qb3+ Q1d3 74. Qxd3+ Kxd3 75. Kg2 Ke3 76. Kh2 Qg4 77. Kh1 Kf2 78. Kh2 Qh4# 0-1

[Event "17th Asian Continental-ch Women 2018"]
[Site "Makati City"]
[Date "2018.12.14"]
[Round "5"]
[White "Guo, Qi"]
[Black "Hoang, Thi Bao Tram"]
[Result "1/2-1/2"]
[WhiteElo "2368"]
[BlackElo "2314"]
[Annotator "TA"]
[PlyCount "50"]
[EventDate "2018.12.07"]
[EventType "swiss"]
[EventCountry "PHI"]
[SourceTitle "playchess.com"]
[Source "ChessBase"]
[SourceQuality "1"]

{[%evp 20,50,46,6,13,13,11,16,71,71,71,63,110,108,112,72,87,33,81,77,85,62,86,70,84,75,67,51,53,44,44,26,42]} 1. d4 d5 2. c4 c6 3. Nf3 Nf6 4. e3 Bf5 5. Nc3 e6 6. Nh4 Bg6 7. Nxg6 hxg6 8. Bd3 Nbd7 {D12: Slav Defence: 3 Nf3 Nf6 4 e3 Bf5} 9. h3 Bd6 10. O-O O-O (10... Qe7 11. e4 dxe4 12. Bxe4 O-O 13. Bg5 Qd8 14. Re1 Qc7 15. Qf3 Bb4 {1-0 (38) Kramnik,V (2808)-Giri,A (2771) Leuven 2017}) 11. Bd2 {LiveBook: 4 Games} Re8 12. c5 $146 ({Predecessor:} 12. Qb3 Qc7 13. Rac1 Rad8 {0-1 (13) Taboas Rodriguez,D-Marquez Abreu,C (2348) ICCF email 2005}) 12... Bc7 13. f4 Nh7 (13... b6 $11) 14. b4 $16 a6 15. Qg4 Qe7 16. a4 Nhf8 {[%cal Bh7f8,Bf8d7,Bd7f6][%mdl 32]} 17. Be1 f5 18. Qf3 ({White should play} 18. Qg3 $16) 18... Nf6 19. Bh4 N8d7 20. Rfc1 Qf8 21. Qe2 Ne4 22. Bxe4 dxe4 23. Bg5 Nf6 24. Qb2 Qf7 25. Ra3 Qd7 {Accuracy: White = 38%, Black = 44%.} 1/2-1/2

[Event "17th Asian Continental-ch Women 2018"]
[Site "Makati City"]
[Date "2018.12.14"]
[Round "5"]
[White "Pham, Le Thao Nguyen"]
[Black "Gong, Qianyun"]
[Result "0-1"]
[WhiteElo "2363"]
[BlackElo "2312"]
[Annotator "TA"]
[PlyCount "156"]
[EventDate "2018.12.07"]
[EventType "swiss"]
[EventCountry "PHI"]
[SourceTitle "playchess.com"]
[Source "ChessBase"]
[SourceQuality "1"]

{[%evp 11,156,-6,2,0,25,0,22,21,26,21,20,3,31,-20,14,14,14,0,25,25,61,67,64,50,58,0,38,13,23,-5,40,0,7,-24,-22,-15,0,-25,-9,-4,-18,-26,31,31,48,11,44,21,26,25,13,12,63,0,6,0,0,-18,0,0,0,-34,61,60,120,31,56,0,91,81,58,48,106,0,0,0,56,0,39,-10,0,0,0,-160,353,360,372,362,541,335,297,0,0,0,0,0,2,0,0,0,0,0,0,0,0,0,0,-106,-100,-275,-197,-186,-105,-100,-15,0,0,-94,-38,-302,-294,-535,-466,-976,-356,-345,-333,-1103,-1120,-1008,-984,-5065,-1218,-29980,-29981,-29980,-29981,-29988,-29989,-29989,-29989,-29989,-29990,-29991,-29992,-29992,-29993]} 1. d4 Nf6 2. Bf4 b6 (2... c5 3. e3 Qb6 4. Nc3 a6 5. Bc4 cxd4 6. exd4 e6 7. Nge2 d5 8. Bb3 Bd7 9. O-O Be7 10. Qe1 O-O 11. Rd1 Nc6 {1-0 (23) Aronian,L (2767)-Giri,A (2782) chess.com INT 2018}) 3. e3 Bb7 4. Nd2 g6 5. h3 Bg7 6. Ngf3 {A45: Trompowsky Attack} O-O {LiveBook: 20 Games} 7. a4 a5 8. Bc4 $146 {White has an edge.} ({Predecessor:} 8. c3 d6 9. Bc4 Nbd7 10. O-O Qe8 11. Bb5 e6 12. Qb1 Qe7 13. e4 e5 14. dxe5 dxe5 {1-0 (50) Nosenko,A (2478)-Yandemirov,V (2423) Alushta 2013}) 8... d6 9. O-O e6 {[%cal Be7e6,Be6e5][%mdl 32]} 10. Re1 Nbd7 11. e4 e5 12. Bg5 (12. dxe5 $14 dxe5 13. Nxe5) 12... h6 13. Bh4 g5 14. Bg3 Nh5 15. Nf1 Nf4 16. c3 Kh8 17. Bxf4 gxf4 18. Bd3 (18. N1d2 $14) 18... Qe7 19. N1h2 Rg8 20. Kh1 Nf8 21. Qc2 Ne6 {[%cal Re5d4]} 22. dxe5 dxe5 23. Bc4 Raf8 24. Qe2 Nc5 25. Nd2 Rd8 26. Nhf3 Bf6 (26... Ra8 $11) 27. b4 $14 Ne6 28. Rab1 Bc6 29. Bb5 Ba8 30. bxa5 bxa5 31. Nb3 Nc5 (31... Rg7 $11) 32. Nfd2 (32. Nxc5 $14 Qxc5 33. Bc4) 32... Rg6 33. Rg1 (33. Nxa5 Rxd2 34. Qxd2 Nxe4 $17) 33... Bh4 34. f3 (34. Nxa5 $2 Rxd2 $1 {[%mdl 512]} 35. Qxd2 Nxe4 $19) 34... c6 35. Nxc5 Qxc5 36. Ba6 {[%cal Bb5a6,Ba6c8,Bc8f5][%mdl 32]} Rdg8 (36... Qa7 $15) 37. Nc4 $1 Rg5 (37... Rg3 $14) 38. Rb2 (38. Qd2 $16) 38... Rg3 {( -> ...Rxh3+!)} 39. Rbb1 (39. Qd1 $14) 39... Bd8 (39... R3g5 $11 {remains equal.}) 40. Bc8 Bc7 41. Bf5 Rd8 {[#]} ({Better is} 41... R3g7 $14) 42. Rb2 (42. Bg4 $1 $16) 42... Rgg8 $11 43. Rgb1 Qe7 (43... Rb8 $11) 44. Rd1 (44. Nb6 $14) 44... c5 45. Na3 c4 46. Nb5 Bb6 47. Rbd2 $2 (47. Rdb1 $11) 47... Be3 $2 (47... Rxd2 $17 {stays on course.} 48. Rxd2 Rd8) 48. Rd7 $18 Rxd7 49. Rxd7 Qc5 (49... Qf6 {was worth a try.} 50. Nd6 (50. Qxc4 Rd8 $14) 50... Rb8) 50. Rxf7 {[%csl Gf5][%cal Rf7h7]} Rd8 51. Rd7 $2 ({White should try} 51. Rh7+ $18 Kg8 52. Rxh6) 51... Rxd7 $11 52. Bxd7 Qe7 $1 {[%cal Re7d7]} 53. Qd1 {With the idea Qd6.} Bc5 $1 {aiming for ...Qd8.} 54. Be6 Qxe6 55. Qd8+ Qg8 56. Qc7 Bf8 57. Qxe5+ Bg7 58. Qxf4 Bc6 $36 {[%mdl 2048] White is under pressure.} 59. Nd6 (59. Qc7 $11 {keeps the balance.} Qe8 60. Nd4 Bxa4 61. Qxa5) 59... Qe6 60. Nf5 $2 (60. Nf7+ $17 Kg8 61. Nd8) 60... Bxc3 61. Nxh6 Bg7 (61... Bxa4 $19 62. Nf7+ Kg8) 62. Nf5 $17 {[#]} Bxa4 ({Black should play} 62... Be5 $1 $17 {[%cal Re5f4]} 63. Qh4+ Kg8) 63. Qh4+ $11 Kg8 64. Qd8+ (64. Qg4 $1 $11 Qd7 65. Qg5) 64... Be8 (64... Bf8 $17 {Strongly threatening ...c3.} 65. Qxa5 Be8) 65. Qxa5 $2 {[%mdl 8192]} (65. Nxg7 $15 Kxg7 66. Qxa5) 65... Qe5 $19 66. Qd2 $2 (66. Qd8) 66... c3 67. Qc2 (67. Qe3 $142 Ba4 68. f4) 67... Bf6 $2 (67... Qf4 68. Nxg7 Qd2 69. Qb3+ Bf7 70. Qb8+ Kh7) 68. Nh6+ Kg7 69. Ng4 $2 (69. Nf5+ Kg6 70. Ne3) 69... Qd4 {Hoping for ...Qd2.} 70. Nxf6 Kxf6 71. f4 Bg6 (71... Qd2 $142 72. e5+ Ke6 73. f5+ Kxe5) 72. e5+ Kg7 {Black mates.} 73. f5 Qd2 74. Qe4 c2 75. f6+ Kh6 76. Qh4+ Bh5 77. f7 c1=Q+ 78. Kh2 Qf4+ {Precision: White = 27%, Black = 35%.} 0-1

[Event "17th Asian Continental-ch Women 2018"]
[Site "Makati City"]
[Date "2018.12.14"]
[Round "5"]
[White "Padmini, Rout"]
[Black "Munkhzul, Turmunkh"]
[Result "1-0"]
[WhiteElo "2345"]
[BlackElo "2255"]
[Annotator "TA"]
[PlyCount "103"]
[EventDate "2018.12.07"]
[EventType "swiss"]
[EventCountry "PHI"]
[SourceTitle "playchess.com"]
[Source "ChessBase"]
[SourceQuality "1"]

{[%evp 23,103,41,44,1,41,39,57,47,75,80,77,75,93,93,88,81,82,72,81,80,98,77,78,73,70,65,99,62,79,79,78,68,72,70,92,60,96,62,61,55,54,58,75,55,55,55,57,25,111,60,273,262,307,299,478,490,503,494,618,621,613,622,593,612,677,658,29975,29972,29964,5708,29977,29976,29977,29978,29984,29985,29993,29994,29996,29997,29997,29998]} 1. e4 c5 2. Nf3 d6 3. d4 cxd4 4. Nxd4 Nf6 5. Nc3 a6 6. Be2 e5 7. Nf3 Be7 8. Bg5 Be6 9. Bxf6 Bxf6 10. O-O O-O 11. Nd5 {B92: Sicilian Najdorf: 6 Be2} (11. Qd2 Nc6 12. Nd5 Nd4 13. Nxf6+ Qxf6 14. Nxd4 exd4 15. Bd3 d5 16. Qe2 dxe4 17. Qxe4 g6 18. Qxb7 Rfb8 {½-½ (40) Grandelius,N (2647)-Kotronias,V (2524) Stockholm 2017}) 11... Bxd5 12. Qxd5 Qc7 {LiveBook: 3 Games} 13. Bc4 {White is slightly better.} Nc6 {[#] Hoping for ...Nb4.} 14. c3 Rac8 {And now ...Ne7 would win.} 15. Bb3 Ne7 $146 ({Predecessor:} 15... Na5 16. Rfd1 Be7 17. Ne1 b5 18. Nc2 Qc5 {1-0 (63) Connolly,S (2052)-Hanly,S Cork 2005}) 16. Qd3 Ng6 17. g3 Be7 18. h4 Rfd8 19. Nh2 Nf8 20. Qf3 Ne6 21. Ng4 Bf8 22. Rad1 b5 23. h5 h6 24. Qf5 Qe7 25. Kg2 Re8 26. Ne3 Qg5 27. Qxg5 Nxg5 28. Bd5 Rc7 29. Rd2 Rb8 30. a3 Nh7 31. Ng4 Be7 32. Bb3 Rc6 33. Rfd1 Rbb6 34. f4 Nf6 35. Ne3 {Strongly threatening fxe5.} Rb8 (35... Nxe4 $11 36. Re2 Nc5) 36. Kf3 (36. Nf5 $16 Kf8 37. Nxd6) 36... Bf8 $2 {[#]} ({Black should try} 36... Kf8 $1 $14) 37. Nf5 $1 $18 exf4 38. gxf4 Rc5 (38... Rb7 $142 39. Nxd6 Ra7) 39. Nxd6 Bxd6 40. Rxd6 Rxh5 41. Rd8+ Rxd8 42. Rxd8+ {[%mdl 4096] Endgame KRB-KRN} Kh7 43. e5 Rh2 44. exf6 Rxb2 45. Bxf7 gxf6 {KRB-KR} 46. Kg4 Rc2 47. Rc8 {White mates.} Kg7 48. Be6 a5 49. Kf5 b4 50. Rc7+ Kf8 51. Kxf6 {[%cal Rc7c8]} Rxc3 52. Rh7 {Accuracy: White = 57%, Black = 38%.} 1-0

[Event "17th Asian Continental-ch Women 2018"]
[Site "Makati City"]
[Date "2018.12.14"]
[Round "5.4"]
[White "Zhu, Jiner"]
[Black "Ning, Kaiyu"]
[Result "1-0"]
[WhiteElo "2409"]
[BlackElo "2247"]
[PlyCount "103"]
[EventDate "2018.12.07"]
[EventType "swiss"]
[EventCountry "PHI"]
[TimeControl "40/5400+30:1800+30"]

1. e4 e6 2. d4 d5 3. Nc3 Bb4 4. e5 c5 5. dxc5 Ne7 6. Nf3 Nd7 7. Bd3 Qc7 8. O-O Bxc3 9. bxc3 Nxc5 10. Re1 Bd7 11. Nd4 Nxd3 12. Qxd3 Rc8 13. Re3 Qc4 14. Qd2 Nc6 15. Ba3 Qa4 16. Nxc6 Qxa3 17. Nd4 O-O 18. Rae1 Qe7 19. f4 b5 20. g4 a5 21. f5 exf5 22. gxf5 Qg5+ 23. Qg2 Qxg2+ 24. Kxg2 b4 25. e6 fxe6 26. fxe6 Be8 27. cxb4 axb4 28. Re5 Rc4 29. Rd1 Bg6 30. Rd2 Be4+ 31. Kg1 g6 32. e7 Re8 33. Nb5 Rc6 34. Rf2 Bf5 35. Nd4 Rf6 36. Rf4 Kf7 37. Nxf5 Rxf5 38. Rfxf5+ gxf5 39. Rxd5 Kxe7 40. Re5+ Kd7 41. Rxe8 Kxe8 42. Kf2 Kd7 43. Ke2 Kc6 44. c3 Kb5 45. cxb4 Kxb4 46. Ke3 Ka3 47. Kf4 Kxa2 48. Kxf5 Kb3 49. Kg5 Kc4 50. Kh6 Kd5 51. Kxh7 Ke5 52. Kg6 1-0

[Event "17th Asian Continental-ch Women 2018"]
[Site "Makati City"]
[Date "2018.12.14"]
[Round "5.5"]
[White "Li, Yunshan"]
[Black "Aulia, Medina Warda"]
[Result "1-0"]
[WhiteElo "2196"]
[BlackElo "2366"]
[PlyCount "127"]
[EventDate "2018.12.07"]
[EventType "swiss"]
[EventCountry "PHI"]
[TimeControl "40/5400+30:1800+30"]

1. d4 e6 2. c4 Nf6 3. g3 d5 4. Bg2 dxc4 5. Nf3 Bb4+ 6. Bd2 a5 7. O-O O-O 8. Bxb4 axb4 9. Ne5 Nc6 10. Bxc6 bxc6 11. Nxc4 Qd5 12. Ne3 Qh5 13. Nd2 Rd8 14. Nb3 Ba6 15. f3 e5 16. Nc2 exd4 17. Nxb4 Bb5 18. Qc2 Nd5 19. Nxd5 Rxd5 20. a4 Ba6 21. Qxc6 Rdd8 22. Nxd4 Qe5 23. Nb5 Qxe2 24. Nxc7 Qe3+ 25. Rf2 Rdc8 26. Qd6 Rab8 27. Qxa6 Rxc7 28. Qe2 Qc5 29. Kg2 h6 30. Qd3 Rcb7 31. Ra2 Rb3 32. Qe2 Qd5 33. Qe4 Qa5 34. Qe2 h5 35. Qd2 R3b4 36. h4 R8b6 37. Re2 Qc5 38. Qd8+ Kh7 39. Qg5 Qc4 40. b3 Qd3 41. Qxh5+ Rh6 42. Qxf7 Rf6 43. Qh5+ Rh6 44. Qc5 Rxb3 45. Qc2 Rf6 46. Qxd3+ Rxd3 47. Rf2 Ra6 48. a5 Rd5 49. g4 Raxa5 50. Rxa5 Rxa5 51. h5 Kh6 52. Kg3 Ra6 53. Re2 Rb6 54. Kh4 g5+ 55. hxg6 Kxg6 56. f4 Ra6 57. Re6+ Rxe6 58. f5+ Kf6 59. fxe6 Kxe6 60. Kg5 Kf7 61. Kh6 Kg8 62. g5 Kh8 63. g6 Kg8 64. g7 1-0

[Event "17th Asian Continental-ch Women 2018"]
[Site "Makati City"]
[Date "2018.12.14"]
[Round "5.6"]
[White "Bach, Ngoc Thuy Duong"]
[Black "Vo, Thi Kim Phung"]
[Result "0-1"]
[WhiteElo "2131"]
[BlackElo "2352"]
[PlyCount "88"]
[EventDate "2018.12.07"]
[EventType "swiss"]
[EventCountry "PHI"]
[TimeControl "40/5400+30:1800+30"]

1. d4 Nf6 2. c4 g6 3. Nc3 Bg7 4. e4 d6 5. Nf3 O-O 6. Be2 e5 7. O-O Nc6 8. d5 Ne7 9. b4 a5 10. Ba3 b6 11. bxa5 Rxa5 12. Bb4 Ra6 13. a4 Ne8 14. Ba3 Ra8 15. Bb2 Bh6 16. Bc1 Bxc1 17. Qxc1 Bg4 18. Nd2 Bxe2 19. Nxe2 Qd7 20. Nc3 g5 21. Nb3 h6 22. a5 bxa5 23. Nxa5 Ng6 24. Nc6 Rxa1 25. Qxa1 f5 26. exf5 Rxf5 27. Qb1 Ng7 28. Ne2 Nh4 29. Qe4 Rf8 30. f3 Qf7 31. g3 Nhf5 32. Rb1 Re8 33. Rb8 Rxb8 34. Nxb8 Qe8 35. Nc6 Qa8 36. f4 exf4 37. gxf4 Qa1+ 38. Kf2 Qf6 39. fxg5 hxg5 40. Ke1 Qa1+ 41. Kf2 Qf6 42. Ke1 Kf7 43. Ncd4 Nh4 44. Ng3 Qxd4 0-1

[Event "17th Asian Continental-ch Women 2018"]
[Site "Makati City"]
[Date "2018.12.14"]
[Round "5.7"]
[White "Citra, Dewi Ardhiani Anast"]
[Black "Doroy Allaney Jia G"]
[Result "1/2-1/2"]
[WhiteElo "2215"]
[BlackElo "1972"]
[PlyCount "96"]
[EventDate "2018.12.07"]
[EventType "swiss"]
[EventCountry "PHI"]
[TimeControl "40/5400+30:1800+30"]

1. b3 Nf6 2. Bb2 g6 3. e3 Bg7 4. Nf3 O-O 5. Be2 d5 6. c4 c5 7. cxd5 Qxd5 8. Nc3 Qd8 9. d4 Nc6 10. dxc5 Qa5 11. O-O Qxc5 12. Na4 Qa5 13. Bc3 Qc7 14. Qc1 Bf5 15. Qb2 Rac8 16. Rac1 Qb8 17. Nd4 Bg4 18. Nxc6 Rxc6 19. Be5 Qc8 20. Rxc6 bxc6 21. Bxg4 Qxg4 22. h3 Qb4 23. Rd1 c5 24. Qe2 h5 25. Bc3 Qa3 26. Qb2 Qxb2 27. Bxb2 Rc8 28. Rc1 Ne4 29. Bxg7 Kxg7 30. f3 Ng3 31. Kf2 h4 32. Nxc5 Rd8 33. Ke1 a5 34. Rc3 e5 35. a3 Kf6 36. Rc4 Nf5 37. Ne4+ Kg7 38. Ke2 Rb8 39. b4 axb4 40. axb4 Ra8 41. Rc2 Ra3 42. Rb2 Nxe3 43. b5 Nc4 44. Rc2 Ra4 45. Nc5 Rb4 46. Nd3 Ra4 47. Nb2 Ra2 48. Rxc4 Rxb2+ 1/2-1/2

[Event "17th Asian Continental-ch Women 2018"]
[Site "Makati City"]
[Date "2018.12.14"]
[Round "5.8"]
[White "Wang, Jue"]
[Black "Frayna, Janelle Mae"]
[Result "1-0"]
[WhiteElo "2367"]
[BlackElo "2228"]
[PlyCount "111"]
[EventDate "2018.12.07"]
[EventType "swiss"]
[EventCountry "PHI"]
[TimeControl "40/5400+30:1800+30"]

1. e4 c6 2. d4 d5 3. e5 c5 4. dxc5 e6 5. a3 Nc6 6. Nf3 Bxc5 7. b4 Bb6 8. Bd3 Nge7 9. Bb2 Ng6 10. O-O Nf4 11. c4 O-O 12. Nc3 Nxd3 13. Qxd3 dxc4 14. Qxc4 Bd7 15. Rad1 Ne7 16. Qg4 Nf5 17. Ne4 Kh8 18. Qh3 Qc8 19. Nfg5 h6 20. g4 Bb5 21. Rfe1 Ne7 22. Rc1 Qb8 23. Nd6 Be8 24. Nge4 Bc6 25. g5 Nf5 26. Nxf5 exf5 27. Qxf5 Qc8 28. Qxc8 Raxc8 29. gxh6 Bxe4 30. hxg7+ Kxg7 31. Rxe4 Kg6 32. Kg2 Kf5 33. Kf3 Rcd8 34. Rf4+ Ke6 35. Ke2 Rg8 36. Rcc4 Rg2 37. Rf6+ Ke7 38. Rcf4 Rxh2 39. Rxf7+ Ke6 40. R4f6+ Kd5 41. e6 Bxf2 42. Rxf2 Rxf2+ 43. Rxf2 Kxe6 44. Rf3 Rg8 45. Kd3 Kd5 46. Bd4 a6 47. Bf2 Rg7 48. Rf6 Rh7 49. Bg3 Rd7 50. Rb6 Rd8 51. Bh2 Rd7 52. a4 Rd8 53. a5 Rd7 54. Rh6 Rd8 55. Rh7 Ke6+ 56. Kc4 1-0

[Event "17th Asian Continental-ch Women 2018"]
[Site "Makati City"]
[Date "2018.12.14"]
[Round "5.9"]
[White "Li, Xueyi"]
[Black "Alinasab, Mobina"]
[Result "1-0"]
[WhiteElo "2187"]
[BlackElo "2295"]
[PlyCount "55"]
[EventDate "2018.12.07"]
[EventType "swiss"]
[EventCountry "PHI"]
[TimeControl "40/5400+30:1800+30"]

1. d4 Nf6 2. c4 e6 3. g3 c5 4. Nf3 cxd4 5. Nxd4 d5 6. Bg2 e5 7. Nf3 d4 8. O-O Nc6 9. e3 Be7 10. exd4 exd4 11. Bf4 O-O 12. Ne5 Qb6 13. Qb3 Qxb3 14. axb3 Bd7 15. Rd1 Rfd8 16. Na3 Nh5 17. Nxd7 Nxf4 18. Bxc6 bxc6 19. Ne5 Ne6 20. Nxc6 Rd7 21. Nxe7+ Rxe7 22. Nb5 Rd7 23. b4 Rb8 24. Nxa7 Rxb4 25. Nc6 Rxc4 26. Ne5 Rcc7 27. Nxd7 Rxd7 28. Rac1 1-0

[Event "17th Asian Continental-ch Women 2018"]
[Site "Makati City"]
[Date "2018.12.14"]
[Round "5.10"]
[White "Nandhidhaa, P V"]
[Black "Makhija, Aashna"]
[Result "1/2-1/2"]
[WhiteElo "2267"]
[BlackElo "2181"]
[PlyCount "48"]
[EventDate "2018.12.07"]
[EventType "swiss"]
[EventCountry "PHI"]
[TimeControl "40/5400+30:1800+30"]

1. Nf3 Nf6 2. g3 d5 3. Bg2 e6 4. O-O Be7 5. c4 O-O 6. b3 c5 7. Bb2 Nc6 8. cxd5 Nxd5 9. d4 cxd4 10. Nxd4 Bd7 11. Na3 Rc8 12. Nc4 Nxd4 13. Qxd4 Bf6 14. Qxa7 Bxb2 15. Nxb2 Rc2 16. Nc4 Bc6 17. e4 Nc3 18. Rfe1 Qf6 19. e5 Qf5 20. Bxc6 bxc6 21. Qe3 Nd5 22. Qd4 c5 23. Qxc5 Nf4 24. gxf4 Qg4+ 1/2-1/2

[Event "17th Asian Continental-ch Women 2018"]
[Site "Makati City"]
[Date "2018.12.14"]
[Round "5.11"]
[White "San Diego, Marie Antoinette"]
[Black "Nguyen, Thi Thanh An"]
[Result "0-1"]
[WhiteElo "2111"]
[BlackElo "2262"]
[PlyCount "110"]
[EventDate "2018.12.07"]
[EventType "swiss"]
[EventCountry "PHI"]
[TimeControl "40/5400+30:1800+30"]

1. d4 Nf6 2. c4 g6 3. Nc3 Bg7 4. e4 d6 5. h3 O-O 6. Be3 c5 7. d5 e6 8. Nf3 exd5 9. exd5 Na6 10. Bd3 Nb4 11. Bb1 b5 12. a3 Qa5 13. O-O bxc4 14. Nd2 Nbxd5 15. Nxc4 Nxe3 16. Nxa5 Nxd1 17. Rxd1 d5 18. Ba2 c4 19. Nc6 Be6 20. Rab1 Rfe8 21. Nd4 a6 22. b3 cxb3 23. Rxb3 Rac8 24. Nce2 Nd7 25. Rb7 Nc5 26. Rb6 Bf8 27. Nf4 Na4 28. Rxa6 Nc3 29. Rd2 Bh6 30. g3 Bxf4 31. gxf4 Ra8 32. Rc6 Rxa3 33. Bb3 Ne4 34. Re2 Rb8 35. Nxe6 Raxb3 36. Nc7 Nc3 37. Re7 Kf8 38. Rd7 Ne2+ 39. Kh2 Nxf4 40. f3 Rxf3 41. Rc2 Rxh3+ 42. Kg1 Rb1+ 43. Kf2 Rh2+ 44. Ke3 Rxc2 45. Kxf4 Rxc7 46. Rxc7 Rf1+ 47. Kg5 Rf5+ 48. Kh4 Kg7 49. Rd7 h6 50. Kg4 h5+ 51. Kh4 Kh6 52. Kg3 g5 53. Rd6+ f6 54. Kh3 g4+ 55. Kg2 h4 0-1

[Event "17th Asian Continental-ch Women 2018"]
[Site "Makati City"]
[Date "2018.12.14"]
[Round "5.12"]
[White "Gu, Tianlu"]
[Black "Mendoza, Shania Mae"]
[Result "1-0"]
[WhiteElo "2231"]
[BlackElo "2165"]
[PlyCount "157"]
[EventDate "2018.12.07"]
[EventType "swiss"]
[EventCountry "PHI"]
[TimeControl "40/5400+30:1800+30"]

1. e4 c6 2. Nc3 d5 3. Nf3 Bg4 4. h3 Bxf3 5. Qxf3 Nf6 6. d3 e6 7. Bd2 Bb4 8. O-O-O Nbd7 9. g4 d4 10. Ne2 Bxd2+ 11. Rxd2 Qa5 12. a3 h5 13. Nxd4 Ne5 14. Qg2 hxg4 15. hxg4 O-O-O 16. Rxh8 Rxh8 17. Nb3 Qd8 18. Qg3 Rh1 19. Rd1 Ng6 20. Nd2 Qc7 21. Qxc7+ Kxc7 22. Be2 Rh2 23. Rf1 Nf4 24. Bd1 Rg2 25. Bf3 Rh2 26. e5 Nd7 27. d4 c5 28. dxc5 Nxe5 29. Bd1 Kc6 30. Nf3 Nxf3 31. Bxf3+ Kxc5 32. Bxb7 a5 33. Kd2 g5 34. b3 f6 35. c3 Rh4 36. Rg1 Rh2 37. Ke3 Rh3+ 38. Rg3 Rh7 39. Be4 Rh8 40. Bd3 Rd8 41. b4+ Kb6 42. Kd2 Ra8 43. Be4 Ra7 44. c4 axb4 45. axb4 Ra2+ 46. Bc2 Ra8 47. Rg1 Rc8 48. Bd3 Rd8 49. Rg3 Rd4 50. Kc3 e5 51. Re3 Kc7 52. Bc2 Rd8 53. Re1 Kb6 54. Be4 Rd4 55. f3 Rd8 56. Rh1 Ne2+ 57. Kc2 Nd4+ 58. Kb2 Rc8 59. Bd5 Rf8 60. Rh7 Ka6 61. Ka3 Rb8 62. Ka4 Nc2 63. b5+ Kb6 64. Be4 Rc8 65. Bxc2 Rxc4+ 66. Kb3 Rd4 67. Rf7 Rf4 68. Be4 Kxb5 69. Rd7 f5 70. Rd5+ Kb6 71. Bxf5 Rxf3+ 72. Kc4 Re3 73. Rd6+ Kc7 74. Re6 Re1 75. Kd5 e4 76. Rxe4 Ra1 77. Ke6 Ra6+ 78. Kf7 Rd6 79. Re7+ 1-0

[Event "17th Asian Continental-ch Women 2018"]
[Site "Makati City"]
[Date "2018.12.14"]
[Round "5.13"]
[White "Nakhbayeva, Guliskhan"]
[Black "Galas, Bernadette"]
[Result "1-0"]
[WhiteElo "2371"]
[BlackElo "2100"]
[PlyCount "71"]
[EventDate "2018.12.07"]
[EventType "swiss"]
[EventCountry "PHI"]
[TimeControl "40/5400+30:1800+30"]

1. d4 d5 2. c4 dxc4 3. Nf3 Nf6 4. e3 e6 5. Bxc4 c5 6. O-O Be7 7. b3 O-O 8. Bb2 Nc6 9. Nbd2 b6 10. dxc5 bxc5 11. Qe2 Bb7 12. Rfd1 Qb6 13. Rac1 Rfd8 14. h3 Rac8 15. Bd3 Nb4 16. Bb1 Qa6 17. Nc4 Nxa2 18. Rxd8+ Rxd8 19. Rd1 Rxd1+ 20. Qxd1 Nb4 21. Ng5 Qc6 22. e4 Nd7 23. Qh5 Bxg5 24. Qxg5 f6 25. Qg3 e5 26. f4 exf4 27. Qxf4 Ba8 28. Nd6 a5 29. Nf5 Kf8 30. Qh4 h6 31. Qg4 g5 32. Qh5 Qa6 33. Qxh6+ Ke8 34. Qh8+ Nf8 35. Qg7 Qe6 36. Bxf6 1-0

[Event "17th Asian Continental-ch Women 2018"]
[Site "Makati City"]
[Date "2018.12.14"]
[Round "5.14"]
[White "Mejia, Cherry Ann"]
[Black "Secopito, Catherine"]
[Result "0-1"]
[WhiteElo "1980"]
[BlackElo "2145"]
[PlyCount "90"]
[EventDate "2018.12.07"]
[EventType "swiss"]
[EventCountry "PHI"]
[TimeControl "40/5400+30:1800+30"]

1. e4 d5 2. exd5 Qxd5 3. Nc3 Qd6 4. d4 Nf6 5. Nf3 g6 6. Ne5 Bg7 7. f4 O-O 8. Bc4 a6 9. a4 Nc6 10. Be3 Qb4 11. Bb3 Ne4 12. Qd3 Bf5 13. g4 Nxe5 14. fxe5 Nf2 15. Qe2 Nxg4 16. Bg1 c5 17. Rd1 cxd4 18. Rxd4 Qa5 19. Rd5 Qc7 20. Rc5 Qd8 21. Rd5 Qb8 22. h3 Nh6 23. Be3 Be6 24. Bxh6 Bxh6 25. Rd4 Bxb3 26. cxb3 Bg7 27. Re4 Qc7 28. h4 h5 29. Rf1 Rad8 30. Qc4 Qd7 31. Qe2 Bh6 32. Rf3 Qc7 33. Rd3 Rxd3 34. Qxd3 Rd8 35. Qc4 Qb6 36. Kf1 Rd2 37. Re2 Rd4 38. Qc8+ Kg7 39. Rf2 Qxb3 40. Ne2 Qd1+ 41. Kg2 Rg4+ 42. Ng3 Bf4 43. Rxf4 Rxf4 44. Qxb7 Qd2+ 45. Kh3 Rxh4+ 0-1

[Event "17th Asian Continental-ch Women 2018"]
[Site "Makati City"]
[Date "2018.12.14"]
[Round "5.15"]
[White "Fronda, Jan Jodilyn"]
[Black "Bernales, Christy Lamiel"]
[Result "1-0"]
[WhiteElo "2139"]
[BlackElo "1996"]
[PlyCount "111"]
[EventDate "2018.12.07"]
[EventType "swiss"]
[EventCountry "PHI"]
[TimeControl "40/5400+30:1800+30"]

1. e4 e6 2. d4 d5 3. exd5 exd5 4. c4 Nf6 5. Nc3 Be7 6. Nf3 O-O 7. Bd3 h6 8. O-O Be6 9. cxd5 Nxd5 10. Re1 Nc6 11. Be3 Bf6 12. Rc1 a6 13. Bb1 Nce7 14. Nxd5 Bxd5 15. Qc2 Ng6 16. Qxc7 Bxf3 17. gxf3 Bxd4 18. Bxg6 Bxe3 19. Bxf7+ Rxf7 20. Qxd8+ Rxd8 21. Rxe3 Rd2 22. Rb3 Re7 23. Re3 Rxe3 24. fxe3 Rxb2 25. a4 Kf7 26. a5 Kf6 27. h4 Rb4 28. Rc7 Rb5 29. Kf2 Rxa5 30. Rxb7 Ra1 31. h5 a5 32. Kg3 a4 33. Kf4 Rh1 34. Rb6+ Kf7 35. Ra6 Rxh5 36. e4 Rb5 37. Rxa4 Kf6 38. Ra6+ Kf7 39. Kg4 Rg5+ 40. Kf4 Rb5 41. Rc6 Ra5 42. Rb6 Rc5 43. e5 Rc7 44. Kf5 Ra7 45. f4 Rc7 46. e6+ Ke7 47. Kg6 Rc4 48. Rb7+ Ke8 49. Rf7 Re4 50. Kf5 Ra4 51. Rxg7 h5 52. Rh7 Kf8 53. Kg5 Re4 54. f5 Re1 55. Kf6 Kg8 56. Rxh5 1-0